000
00327nam a2200157Ia 4500
100
_a
Narkar/ V.S.
650
_a
Chemistry
942
_c
BK
654
_a
Chemistry
245
_a
Applied Chemistry II
260
_b
Nandu Pub
_a
New york
_c
1992
082
_a
660
_b
NAR/PAR
300
_a
176
546
_a
ENGLISH
999
_c
30229
_d
30229